书目信息 |
| 题名: |
大学实验化学
|
|
| 作者: | 周昕 , 罗虹 , 刘文娟 主编 | |
| 分册: | ||
| 出版信息: | 北京 科学出版社 2019 |
|
| 页数: | 326页 | |
| 开本: | 26cm | |
| 丛书名: | ||
| 单 册: | ||
| 中图分类: | O6-3 , O6-3 | |
| 科图分类: | ||
| 主题词: | 化学实验--hua xue shi yan--高等学校--教材 | |
| 电子资源: | ||
| ISBN: | 978-7-03-061412-4 | |
| 000 | 01395nam0 2200313 450 | |
| 001 | 012001001235 | |
| 005 | 20191122090142.89 | |
| 010 | @a978-7-03-061412-4@dCNY59.00 | |
| 099 | @aCAL 012019112916 | |
| 100 | @a20190718d2019 em y0chiy50 ea | |
| 101 | 0 | @achi |
| 102 | @aCN@b110000 | |
| 105 | @aak a 000yy | |
| 106 | @ar | |
| 200 | 1 | @a大学实验化学@Ada xue shi yan hua xue@f周昕, 罗虹, 刘文娟主编 |
| 205 | @a第3版 | |
| 210 | @a北京@c科学出版社@d2019 | |
| 215 | @a326页@c图@d26cm | |
| 300 | @a普通高等教育“十三五”规划教材 | |
| 320 | @a有书目 (第325-326页) | |
| 330 | @a本书是根据我校及综合性大学的教学特点编写而成, 整合了目前综合性大学普遍使用的《无机化学实验》、《分析化学实验》、《有机化学实验》、《物理化学实验》、《仪器分析实验》传统的教学框架, 减少教学内容的重复, 节约教学资源, 使实验教学更具有连续性、系统性。可供基础化学类实验教学使用。全书共分为九部分, 共精选了103个类别的实验( 详见章节目录) 。本书注重学生分析问题、解决问题及创新意识能力的培养, 努力做到实验原理简明扼要, 实验内容能反映专业及学科特点。本书除可供综合性大学基础化学类实验教学使用。也可供相关专业人员参考使用。 | |
| 606 | 0 | @a化学实验@Ahua xue shi yan@x高等学校@j教材 |
| 690 | @aO6-3@v4 | |
| 690 | @aO6-3@v5 | |
| 701 | 0 | @a周昕@Azhou xin@4主编 |
| 701 | 0 | @a罗虹@Aluo hong@4主编 |
| 701 | 0 | @a刘文娟@Aliu wen juan@4主编 |
| 801 | 0 | @aCN@b北京卓展@c20191020 |
| 905 | @b1197825-8@dO6-3@e1020=3@f4 | |
| 大学实验化学/周昕, 罗虹, 刘文娟主编.-第3版.-北京:科学出版社,2019 |
| 326页:图;26cm |
| 普通高等教育“十三五”规划教材 |
| ISBN 978-7-03-061412-4:CNY59.00 |
| 本书是根据我校及综合性大学的教学特点编写而成, 整合了目前综合性大学普遍使用的《无机化学实验》、《分析化学实验》、《有机化学实验》、《物理化学实验》、《仪器分析实验》传统的教学框架, 减少教学内容的重复, 节约教学资源, 使实验教学更具有连续性、系统性。可供基础化学类实验教学使用。全书共分为九部分, 共精选了103个类别的实验( 详见章节目录) 。本书注重学生分析问题、解决问题及创新意识能力的培养, 努力做到实验原理简明扼要, 实验内容能反映专业及学科特点。本书除可供综合性大学基础化学类实验教学使用。也可供相关专业人员参考使用。 |
| ● |
| 相关链接 |
|
|
|
|
正题名:大学实验化学
索取号:O6-3/1020=3
 
预约/预借
| 序号 | 登录号 | 条形码 | 馆藏地/架位号 | 状态 | 备注 |
| 1 | 1197825 | 211978252 | 第二样本阅览室/ [索取号:O6-3/1020=3] | 在馆 | |
| 2 | 1197826 | 211978261 | 第三借阅区/ [索取号:O6-3/1020=3] | 在馆 | |
| 3 | 1197827 | 211978270 | 第三借阅区/ [索取号:O6-3/1020=3] | 在馆 | |
| 4 | 1197828 | 211978289 | 第三借阅区/ [索取号:O6-3/1020=3] | 在馆 |